| 000 | 00432nam a2200157 4500 | ||
|---|---|---|---|
| 001 | 121188 | ||
| 003 | ES-MaACL | ||
| 005 | 20230906191715.0 | ||
| 007 | t| | ||
| 008 | 070214s1973 sp r ||||1| spa d | ||
| 100 | 1 |
_aPont Mestres, Magin. _993043 |
|
| 245 | 1 | 3 |
_aLa fiscalidad a debate / _cMagĂn Pont Mestres. |
| 260 |
_aBarcelona : _bMarcombo, _c1973. |
||
| 300 |
_aXV, 617 p. ; _c24 cm. |
||
| 852 |
_aES-MaACL _jC-54649 _bR.87601 |
||
| 999 |
_c121188 _d121188 |
||